000
00293nam a22001097a 4500
008
160505b xxu||||| |||| 00| 0 eng d
020
_a
9780470084700
041
_a
eng
080
_a
611
245
_a
Laboratory manual for anatomy and physiology:
_c
Connie Allen; Valerie Harper;
942
_2
udc
_c
BK
999
_c
1803
_d
1803